Satellite Image Quiz #5 - Statistics

General Stats
  • This quiz has been taken 18 times
  • The average score is 7 of 10
Answer Stats
Picture Answer % Correct
India | Sri Lanka
88%
Australia
82%
Canada | United States of America
82%
Gambia | Guinea | Guinea-Bissau | Senegal
82%
Malawi | Mozambique | Tanzania
76%
China | Kazakhstan | Kyrgyzstan
65%
Denmark | Germany
65%
Argentina | Chile
59%
Kazakhstan | Russia
41%
France
29%
No matching quizzes found
Score Distribution
Percent of People with Each Score
Percentile by Number Answered
Your Score History
You have not taken this quiz